书目信息 |
| 题名: |
周恩来选集
|
|
| 作者: | 周恩来 著 | |
| 分册: | 上卷 | |
| 出版信息: | 北京 人民出版社 1980.12 |
|
| 页数: | 437页 | |
| 开本: | 20cm | |
| 丛书名: | ||
| 单 册: | ||
| 中图分类: | D2-1 | |
| 科图分类: | ||
| 主题词: | 中国共产党--领袖--著作 | |
| 电子资源: | ||
| ISBN: | ||
| 000 | 00566nam0 2200205 45 | |
| 001 | 0302251404 | |
| 005 | 20060816112328.70 | |
| 010 | @dCNY1.40 | |
| 091 | @a3001.1755 | |
| 100 | @a20030225d1980 km y0chiy0120 ea | |
| 101 | 0 | @achi |
| 105 | @ac z 000yy | |
| 200 | 1 | @a周恩来选集@AZhou En Lai Xuan Ji@h上卷@f周恩来著@FZhou En Lai Zhu |
| 210 | @a北京@c人民出版社@d1980.12 | |
| 215 | @a437页@c肖像@d20cm | |
| 606 | 0 | @a中国共产党@x领袖@x著作 |
| 690 | @aD2-1@v3 | |
| 701 | 0 | @a周恩来@4著 |
| 801 | @aCN@b唐山师范学院图书馆@c20060816 | |
| 905 | @dD2-1@e19:1@f1@b100685 | |
| 周恩来选集.上卷/周恩来著.-北京:人民出版社,1980.12 |
| 437页:肖像;20cm |
| ISBN :CNY1.40 |
| ● |
| 相关链接 |
|
|
|
|
正题名:周恩来选集
索取号:D2-1/19:1
 
预约/预借
| 序号 | 登录号 | 条形码 | 馆藏地/架位号 | 状态 | 备注 |
| 1 | 0082289 | 001010729 | 第一借阅区/ [索取号:D2-1/19:1] | 在馆 | |
| 2 | 0100682 | 001533610 | 密集书库/ [索取号:D2-1/19:1] | 在馆 | |
| 3 | 0100683 | 001533665 | 密集书库/ [索取号:D2-1/19:1] | 在馆 | |
| 4 | 0100684 | 001533629 | 密集书库/ [索取号:D2-1/19:1] | 在馆 | |
| 5 | 0100685 | 002031731 | 第一借阅区/ [索取号:D2-1/19:1] | 在馆 | |
| 6 | 0100686 | 001660964 | 密集书库/ [索取号:D2-1/19:1] | 在馆 | |
| 7 | 0424187 | 204241873 | 密集书库/ [索取号:D2-1/19:1] | 在馆 | |
| 8 | 0464887 | 204648872 | 密集书库/ [索取号:D2-1/19:1] | 在馆 | |
| 9 | 0464888 | 204648881 | 密集书库/ [索取号:D2-1/19:1] | 在馆 |